ბათუმის შოთა რუსთაველის სახელმწიფო უნივერსიტეტის ბიბლიოთეკა

ხიხანის არწივები. (ბიბ.ჩანაწერი № 41821)

000 -LEADER
fixed length control field 00720nam a2200229Ia 4500
001 - CONTROL NUMBER
control field 8504
003 - CONTROL NUMBER IDENTIFIER
control field GE_BSU
008 - FIXED-LENGTH DATA ELEMENTS--GENERAL INFORMATION
fixed length control field 181216s||||||||xx |||||||||||||| ||und||
040 ## - CATALOGING SOURCE
Transcribing agency GE_BSU
080 ## - UNIVERSAL DECIMAL CLASSIFICATION NUMBER
Universal Decimal Classification number 821.353.1-11
100 ## - MAIN ENTRY--PERSONAL NAME
Personal name ვარშანიძე,მამია.
245 ## - TITLE STATEMENT
Title ხიხანის არწივები.
245 ## - TITLE STATEMENT
Remainder of title პოემა.
245 ## - TITLE STATEMENT
Statement of responsibility, etc. რედ:რ.ართილაყვა;მხატვ:ლ.სეიდიშვილი.
260 ## - PUBLICATION, DISTRIBUTION, ETC.
Place of publication, distribution, etc. ბათუმი.
260 ## - PUBLICATION, DISTRIBUTION, ETC.
Name of publisher, distributor, etc. საბჭ.აჭარა.
260 ## - PUBLICATION, DISTRIBUTION, ETC.
Date of publication, distribution, etc. 1969.
300 ## - PHYSICAL DESCRIPTION
Extent 115გვ;16სმ.
653 ## - INDEX TERM--UNCONTROLLED
Uncontrolled term პოემა.
653 ## - INDEX TERM--UNCONTROLLED
Uncontrolled term ხიხანის არწივები.
942 ## - ADDED ENTRY ELEMENTS (KOHA)
Koha item type წიგნი
ეგზემპლარები
Withdrawn status Lost status Damaged status Not for loan Date acquired Barcode Date last seen Price effective from Koha item type
        2018-12-17 30749 2018-12-17 2018-12-17 წიგნი
        2018-12-17 30750 2018-12-17 2018-12-17 წიგნი